University Home | Library Home | Institutional Repository

Occupational diseases. (Record no. 163003)

MARC details
000 -LEADER
fixed length control field 00682cam2a220020500 4500
001 - CONTROL NUMBER
control field zam00000818
008 - FIXED-LENGTH DATA ELEMENTS--GENERAL INFORMATION
fixed length control field 951128s1977 xx eng u
035 ## - SYSTEM CONTROL NUMBER
System control number (Sirsi) r18295
035 ## - SYSTEM CONTROL NUMBER
System control number (MACHINE)01472
245 00 - TITLE STATEMENT
Title Occupational diseases.
246 ## - VARYING FORM OF TITLE
Title proper/short title A guide to their recognition
260 ## - PUBLICATION, DISTRIBUTION, ETC.
Place of publication, distribution, etc. Washington,D.C :
Name of publisher, distributor, etc. Department of health education and welfare,
Date of publication, distribution, etc. 1977.
504 ## - BIBLIOGRAPHY, ETC. NOTE
Bibliography, etc. note Includes bibliographical references.
650 ## - SUBJECT ADDED ENTRY--TOPICAL TERM
Topical term or geographic name entry element Occupational diseases.
Linkage S12586.1
650 ## - SUBJECT ADDED ENTRY--TOPICAL TERM
Topical term or geographic name entry element Diseases.
Linkage S194.1
700 ## - ADDED ENTRY--PERSONAL NAME
Personal name edited by Marcus M. Key and others.
Linkage A77494.1
949 ## - LOCAL PROCESSING INFORMATION (OCLC)
a RC/964
w lcc
i -14992
p 2500
t BOOK
l ON-SHELF
900 ## - EQUIVALENCE OR CROSS-REFERENCE-PERSONAL NAME [LOCAL, CANADA]
-- 1977
Field link and sequence number RC/964
-- OCC
Titles and other words associated with a name 1
Name of part/section of a work 2500

No items available.

© 2026 - The University of Zambia Library - Koha v25.11